书目信息 |
| 题名: |
中国政坛女性大寻踪
|
|
| 作者: | 谢凤华 , 刘敏华 主编 | |
| 分册: | ||
| 出版信息: | 呼和浩特 内蒙古人民出版社 1999.01 |
|
| 页数: | 462页 | |
| 开本: | 32开 | |
| 丛书名: | ||
| 单 册: | ||
| 中图分类: | K828.5 | |
| 科图分类: | ||
| 主题词: | 人物--传记--中国 | |
| 电子资源: | ||
| ISBN: | 7-204-04558-0 | |
| 000 | 00628nam0 2200205 45 | |
| 001 | 0007201657 | |
| 005 | 20000720163030.9 | |
| 010 | @a7-204-04558-0@d26.80元 | |
| 100 | @a20000720d1999 km y0chiy0120 ea | |
| 101 | 0 | @achi |
| 105 | @a z 000yy | |
| 200 | 1 | @a中国政坛女性大寻踪@AZhong Guo Zheng Tan Nu Xing Da Xun Zong@f谢凤华,刘敏华主编@FXie Feng Hua,Liu Min Hua Zhu Bian |
| 210 | @a呼和浩特@c内蒙古人民出版社@d1999.01 | |
| 215 | @a462页@d32开 | |
| 606 | 0 | @a人物@x传记@x中国 |
| 690 | @aK828.5@v3 | |
| 701 | 0 | @a谢凤华@4主编 |
| 701 | 0 | @a刘敏华@4主编 |
| 801 | @aCN@bPftUser@c20000720 | |
| 905 | @b72079-081@dK828.5@eX318@f3 | |
| 中国政坛女性大寻踪/谢凤华,刘敏华主编.-呼和浩特:内蒙古人民出版社,1999.01 |
| 462页;32开 |
| ISBN 7-204-04558-0:26.80元 |
| ● |
| 相关链接 |
|
|
|
正题名:中国政坛女性大寻踪
索取号:K828.5/X318
 
预约/预借
| 序号 | 登录号 | 条形码 | 馆藏地/架位号 | 状态 | 备注 |
| 1 | 348109 | 203481099 | 社科库309/309社科库 60排3列1层/ [索取号:K828.5/X318] | 在馆 | |
| 2 | 348110 | 203481106 | 社科库309/309社科库 60排3列1层/ [索取号:K828.5/X318] | 在馆 | |
| 3 | 72079 | 200720791 | 社科库309/309社科库 60排3列1层/ [索取号:K828.5/X318] | 在馆 | |
| 4 | 72080 | 200720808 | 社科库309/309社科库 60排3列1层/ [索取号:K828.5/X318] | 在馆 | |
| 5 | 72081 | 200720817 | 社科库309/309社科库 60排3列1层/ [索取号:K828.5/X318] | 在馆 |